ბათუმის შოთა რუსთაველის სახელმწიფო უნივერსიტეტის ბიბლიოთეკა

სამართლის პრაქტიკული ყოფიერების შემეცნების ცდა = Der Versuch die praktische Existenz des Rechts zu verstehen : უპირატესად ადამიანის უფლებათა ჭრილში : (ბიბ.ჩანაწერი № 41670)

000 -ლიდერი
ფიქსირებული სიგრძის საკონტროლო ველი 01292nam a2200229Ia 4500
001 - საკონტროლო ნომერი
საკონტროლო ველი 8344
003 - საკონტროლო ნომრის იდენტიფიკატორი
საკონტროლო ველი GE_BSU
005 - ბოლო ოპერაციის თარიღი და დრო
საკონტროლო ველი 20230215140902.0
008 - ფიქსირებული სიგრძის მონაცემთა ელემენტები - ზოგადი ინფორმაცია
ფიქსირებული სიგრძის საკონტროლო ველი 181216s2013||||ge |||||||||||||| ||geo||
020 ## - წიგნის საერთაშორისო სტანდარტული ნომერი
International Standard Book Number 9789941132988
040 ## - კატალოგიზაციის წყარო
Transcribing agency GE_BSU
041 ## - ენის კოდი
Language code of text/sound track or separate title geo
080 ## - უნივერსალური ათობითი კლასიფიკაციის ინდექსი
Universal Decimal Classification number 341.231.14 ზ-78
100 ## - მთავარი ჩანაწერი - პიროვნების სახელი
Personal name ზოიძე, ბესარიონ
9 (RLIN) 16918
245 ## - ცნობა სათაურის შესახებ
Title სამართლის პრაქტიკული ყოფიერების შემეცნების ცდა = Der Versuch die praktische Existenz des Rechts zu verstehen : უპირატესად ადამიანის უფლებათა ჭრილში :
Remainder of title ესეები /
Statement of responsibility, etc ბესარიონ ზოიძე ; რედ. გიორგი ხუბუა ; ივანე ჯავახიშვილის სახ. თსუ.
264 ## - წარმოების, გამოცემის, დისტრიბუციის და სხვა ცნობები
გამოცემის, წარმოების, დისტრიბუციის... ადგილი თბილისი:
გამოცემის, წარმოების, დისტრიბუციის... სახელწოდება თბილ. უნ-ტის გამ-ბა,
გამოცემის, წარმოების, დისტრიბუციის... თარიღი 2013.
300 ## - ფიზიკური აღწერა
Extent 250 გვ.;
Other physical details 19 სმ.
500 ## - ზოგადი შენიშვნა
General note გარეკანი ქართ. და გერმ.
პარალ. თავფურ. გერმ.
653 ## - INDEX TERM--UNCONTROLLED
Uncontrolled term სამართლის ფილოსოფია
700 ## - ADDED ENTRY--PERSONAL NAME
Personal name ხუბუა, გია
Relator term რედაქტორი
9 (RLIN) 16919
942 ## - ADDED ENTRY ELEMENTS (KOHA)
Koha item type წიგნი
Source of classification or shelving scheme
ეგზემპლარები
ჩამოწერის სტატუსი დაკარგული ეგზემპლარის სტატუსი კლასიფიკაციის წყარო ან თაროზე გაწყობის სქემა დაზიანების სტატუსი არ გაიცემა მუდმივი მდებარეობა (დაცვის ადგილი) ამჟამინდელი ადგილსამყოფელი თაროზე განთავსების ადგილი შეძენის თარიღი სრული შენახვის შიფრი შტრიხკოდი ბოლო ოპერაციის თარიღი ეგზემპლარის მიმდევრობითი ნომერი (კეტერი?) ფასის ძალაში შესვლის თარიღი ეგზემპლარის სახეობა
          ბათუმის შოთა რუსთაველის სახელმწიფო უნივერსიტეტის მთავარი ბიბლიოთეკა ბათუმის შოთა რუსთაველის სახელმწიფო უნივერსიტეტის მთავარი ბიბლიოთეკა წიგნსაცავი 2018-12-17 341.231.14 ზ-78 30244 2018-12-17 30244 2018-12-17 წიგნი
          ბათუმის შოთა რუსთაველის სახელმწიფო უნივერსიტეტის მთავარი ბიბლიოთეკა ბათუმის შოთა რუსთაველის სახელმწიფო უნივერსიტეტის მთავარი ბიბლიოთეკა წიგნსაცავი 2018-12-17 341.231.14 ზ-78 30245 2018-12-17 30245 2018-12-17 წიგნი